Next to Normal- All Songs - Statistics

General Stats
  • This quiz has been taken 160 times
  • The average score is 31 of 37
Answer Stats
Hint A % Correct
12 I'm Alive
100%
2 Just Another Day
97%
11 Superboy and the Invisible Girl
96%
10 I Am the One
95%
18 I Am the One
95%
3 Hey #1
93%
7 Hey #2
93%
16 Hey #3 / Perfect for You (Reprise)
93%
9 You Don't Know
93%
12 I'm Alive (Reprise)
92%
5 Perfect for You
92%
4 Who's Crazy / My Psychopharmacologist and I
91%
6 I Miss the Mountains
89%
19 Light
89%
13 Make Up Your Mind / Catch Me I'm Falling
89%
8 He's Not Here
88%
3 Everything Else
87%
7 It's Gonna Be Good
87%
15 There's a World
87%
6 Aftershocks
86%
1 Prelude
86%
14 Make Up Your Mind / Catch Me I'm Falling (Reprise)
81%
17 Didn't I See This Movie?
80%
1 Wish I Were Here
80%
14 I Dreamed a Dance
79%
18 A Light in the Dark
76%
17 So Anyway
74%
16 I've Been
73%
2 Song of Forgetting
73%
8 You Don't Know (Reprise)
73%
11 Why Stay? / A Promise
71%
5 Better Than Before
70%
13 The Break
70%
9 How Could I Ever Forget?
67%
10 It's Gonna Be Good (Reprise)
67%
15 Maybe (Next to Normal)
64%
4 Seconds and Years
64%
No matching quizzes found
Score Distribution
Percent of People with Each Score
Percentile by Number Answered
Your Score History
You have not taken this quiz